सामाजिक संशोधन पध्‍दतीशास्‍त्र व तंत्रे (Record no. 30895)

MARC details
000 -LEADER
fixed length control field 00514nam a2200157Ia 4500
008 - FIXED-LENGTH DATA ELEMENTS--GENERAL INFORMATION
fixed length control field 220531s9999 xx 000 0 und d
041 ## - LANGUAGE CODE
Language code of text/sound track or separate title mar
100 ## - MAIN ENTRY--PERSONAL NAME
Personal name आगलावे प्रदीप
9 (RLIN) 53346
245 ## - TITLE STATEMENT
Title सामाजिक संशोधन पध्‍दतीशास्‍त्र व तंत्रे
260 ## - PUBLICATION, DISTRIBUTION, ETC. (IMPRINT)
Place of publication, distribution, etc. Pune
Name of publisher, distributor, etc. Shri Sainath
Date of publication, distribution, etc. 2009
300 ## - PHYSICAL DESCRIPTION
Extent 587
542 ## - INFORMATION RELATING TO COPYRIGHT STATUS
Copyright holder 04-10-2010
650 ## - SUBJECT ADDED ENTRY--TOPICAL TERM
Topical term or geographic name as entry element Sociology
9 (RLIN) 53347
906 ## - LOCAL DATA ELEMENT F, LDF (RLIN)
d 2010-2011
e price recovered
Holdings
Withdrawn status Lost status Source of classification or shelving scheme Damaged status Not for loan Collection code Home library Current library Date acquired Vendor Cost, normal purchase price Total Checkouts Total Holds Full call number Barcode Checked out Date last seen Date last checked out Bill Date Koha item type Original Barcode
    Dewey Decimal Classification       Shri Siddhivinayak Mahila Mahavidyalaya Shri Siddhivinayak Mahila Mahavidyalaya 04/10/2010 Diamand 400.00 4 5 /-/B/11894 SSMM-BK-11894 06/08/2025 07/07/2025 07/07/2025 06/08/2022 Books 010011894